| 000 | 00604nam a2200229 a 4500 | ||
|---|---|---|---|
| 999 |
_c11792 _d11792 |
||
| 001 | 11792 | ||
| 003 | BD-JhCC | ||
| 005 | 20201015085859.0 | ||
| 008 | 201014r2018 ii a|||| ||a| 000 0 eng d | ||
| 020 | _a9788187107460 | ||
| 035 | _a(BD-JhCC)11792 | ||
| 040 |
_aBD-JhCC _dBD-JhCC |
||
| 041 | _aeng | ||
| 082 |
_a294.513 _bTAL 2018 |
||
| 245 | _a365 Tales Of Indian Mythology / | ||
| 260 |
_aIndia : _bOm Books International; _c2018. |
||
| 300 |
_a235 p. : _billus.; _c36 cm. |
||
| 490 | _a365 | ||
| 651 |
_aMythology, Indic _x Hindu mythology _yIndia _zFolklore |
||
| 942 |
_2ddc _cBK |
||